| 000 | 01241cam a22002771i 4500 | ||
|---|---|---|---|
| 003 | SA-RiAUC | ||
| 005 | 20250604100611.0 | ||
| 008 | 250603s1998 su g 00000 ara c | ||
| 040 |
_aSA-JeALM _bara _cSA-RiAUC _erda |
||
| 043 | _aa-su--- | ||
| 082 | 0 | 4 |
_a929.1 _qSA-RiAUC |
| 090 |
_a929.1 _bز ي د |
||
| 100 | 1 |
_aالزيد، إبراهيم محمد، _d1357 هجري- _eمؤلف. |
|
| 245 | 1 | 2 |
_aالرئاسة في قبيلة زهران منذ القرن الثالث عشر الهجري : _bدراسة وثائقية / _cتأليف إبراهيم بن محمد الزيد. |
| 250 | _aالطبعة الأولى. | ||
| 264 | 1 |
_aالطائف، السعودية : _bنادي الطائف الأدبي، _c1998 |
|
| 300 |
_a94 صفحة ؛ _c24 سم |
||
| 336 |
_aنص _btxt _2rdacontent _3كتاب |
||
| 337 |
_aبدون وسيط _bn _2rdamedia |
||
| 338 |
_aمجلد _bnc _2rdacarrier |
||
| 500 | _aاهداء من المؤلف ابراهيم بن محمد ال زيد الى الشيخ رحمه الله بتاريخ 19 / 5 / 1420 هـ | ||
| 650 | 7 |
_aالقبائل العربية _2aucsh |
|
| 651 | 7 |
_aمنطقة الباحة (السعودية) _xتاريخ _2aucsh |
|
| 942 |
_2ddc _cBOOK _n0 |
||
| 949 |
_aSA-JeALM _d250603 _uosman123 _n1 |
||
| 999 |
_c8731 _d8731 |
||